00481nam a22001457a 450000500170000000800410001702000350005804100130009308200150010610000240012124501010014526000440024630000190029065000260030920231115071246.0231115b |||||||| |||| 00| 0 eng d a97806639001456 ; 9780409078182 aEnglish  a344.4 SAN  aSaner, J lEnglish  aMedical Malpractice in South Africa : bA Guide for Medical and Legal Practitioners / cJ Saner  aDurban : bLexisNexis (Pty) Ltd, c2008 bxvi, c26 cm.  aLegal practice bLaw